01386nam a2200325Ia 4500001000700000008004100007020001800048035001400066041000800080084001300088110008000101245018700181260009200368300003600460490002100496650002100517650003000538650002800568710008500596710008300681856009100764901000600855903000700861904000800868953003700876999001300913910000900926942001500935952011000950001602221003s1992 xx 000 0 spa d a84-7434-704-1 aCENDO_437 aspa aCD-00429 aJORNADAS DE ESTUDIO SOBRE LA NEGOCIACION COLECTIVAn4ªd1991cMadrid91110 0aPluralidad y sucesión de convenios y control de su cumplimiento :bIV Jornadas de Estudio sobre la Negociación Colectiva /cComisión Consultiva Nacional de Convenios Colectivos aMadrid :bCentro de Publicaciones, Ministerio de Trabajo y Seguridad Social,cD.L. 1992 a245 p. : bil., tab. ;c 24 cm aEncuentros ;v14 aCONFERENCIA9311 0aNEGOCIACION COLECTIVA974 0aCONVENIO COLECTIVO9297 aESPAÑAbMinisterio de Trabajo y Seguridad SocialbCentro de Publicaciones9582 aCOMISION CONSULTIVA NACIONAL DE CONVENIOS COLECTIVOScEspaña,eed. lit.9892 zPDFuhttp://docpublicos.ccoo.es/cendoc/001602PluralidadYSucesionConv4JornadasCCnCC.pdf a3 aNO a000 d1995-11-27yMONOGRAFIAoCD-00429 c436d436 a1992 cMONOGRAFIA 00104070aCENDObCENDOd1995-11-27l0oCD-00429pCENDO_437r2022-10-05 00:00:00w2022-10-05yMONOGRAFIA